Analyse der Wirtschaftssprache Englisch anhand der Beispiele aus den Wirtschaftsmagazinen The Economist und Newsweek
Gespeichert in:
| 1. Verfasser: | |
|---|---|
| Weitere Verfasser: | |
| Format: | Buchkapitel |
| Sprache: | Deutsch |
| Schlagworte: | |
| Tags: |
Keine Tags, Fügen Sie das erste Tag hinzu!
|
MARC
| LEADER | 00000naa$a2200000$$$4500 | ||
|---|---|---|---|
| 001 | 0241611 | ||
| 005 | 20240502083648.4 | ||
| 041 | 0 | |a ger | |
| 044 | |a DE | ||
| 245 | 1 | 0 | |a Analyse der Wirtschaftssprache Englisch anhand der Beispiele aus den Wirtschaftsmagazinen The Economist und Newsweek |c Daniel Lančarič, Dominika Fifiková |
| 610 | 2 | 0 | |a jazyk odborný |
| 610 | 2 | 0 | |a jazyky cudzie |
| 610 | 2 | 0 | |a angličtina |
| 610 | 2 | 0 | |a časopisy |
| 610 | 2 | 0 | |a tlač |
| 100 | 1 | |a Lančarič, Daniel | |
| 700 | 1 | |a Fifiková, Dominika, 1987- | |